2o. Informe de gobierno : Ernesto Zedillo.

Salvato in:
Dettagli Bibliografici
Autore principale: Zedillo Ponce de León, Ernesto (autor)
Natura: Libro
Lingua:spagnolo
Soggetti:
Tags: Aggiungi Tag
Nessun Tag, puoi essere il primo ad aggiungerne!!

MARC

LEADER 00000cam^a2200000uu^4500
001 000462678
005 20250521000000.0
008 050901s1995^^^^^^^^^^^^rc^r^^000^0^spa^d
009 20260526145826.093
022 |a 9688205982 
035 |a FCE 000005226 
035 |a FCE 020530 
037 |a Acervo ITESO - Biblioteca 
041 |a spa 
082 0 4 |a 320.972  |b MEX 1996 
100 |a Zedillo Ponce de León, Ernesto  |e (autor) 
245 1 0 |a 2o. Informe de gobierno :  |b Ernesto Zedillo. 
264 |a México :  |b Presidencia de la república,  |c 1995. 
300 |a 32 p. 
336 |a texto  |b txt  |2 rdacontenido 
337 |a sin mediación  |b n  |2 rdamedio 
338 |a volumen  |b nc  |2 rdasoporte 
649 |a XX 
650 |a Administración pública 
650 |a Política 
650 |a Gobierno 
650 |a Informe de gobierno 
910 |a Fondo Centro de Estudios Educativos 
920 |a Impresos - Libros 
930 |a Fondos Especiales 
905 |a 133 
901 |a ALE020530  |b IT2  |c CEE  |u 20250521 
901 |a ALE046459  |b IT2  |c CEE  |u 20250521 
902 |a https://opac.biblio.iteso.mx/vufind/Record/000462678